Les 10 plus hauts cols routiers de Suisse - Statistiques

Statistiques générales
  • Ce quiz a été pris 5 fois
  • Le résultat moyen est 5 sur 10
Statistiques - réponses
Hint Réponse % Correct
2429 m Col de la Furka
100%
2469 m Col du Grand-Saint-Bernard
100%
2164 m Col de Grimsel
67%
2478 m Col du Nufenen
67%
2107 m Col du Saint-Gothard
67%
2328 m Col de Bernina
33%
2501 m Col de l’Umbrail
33%
2259 m Col du Susten
33%
2312 m Col de l’Albula
0%
2284 m Col du Julier
0%
Aucun quiz correspondant
Distribution des résultats
% des personnes avec chaque résultat
Percentile par nombre de réponses
Votre historique - résultats
Vous n’avez pas pris ce quiz